The United States and Latin America: an historial analysis of inter american relations

Gespeichert in:
Bibliographische Detailangaben
1. Verfasser: Connell-Smith, Gordon (VerfasserIn)
Format: Buch
Sprache:Englisch
Veröffentlicht: Nueva York John Wiley 1974
Schlagworte:
Tags: Tag hinzufügen
Keine Tags, Fügen Sie den ersten Tag hinzu!

MARC

LEADER 00000nam a2200000 a 4500
001 UCY5093
003 CL-VaPUC
008 950411e19740000US |||||||||||||||||eng|d
082 0 4 |a 327  |b CON  |2 21 
100 0 |a Connell-Smith, Gordon  |e author  |9 333703 
245 1 4 |a The United States and Latin America: an historial analysis of inter american relations 
300 |a 287 p 
942 |c BK 
945 |d 19950411 00:00:00  |a rbrito 
260 |a Nueva York  |b John Wiley  |c 1974 
650 0 |a Relaciones Internacionales  |9 255740 
650 0 |a Relaciones Exteriores  |9 255379 
651 0 |a América Latina   |9 255027 
651 0 |a Estados Unidos  |9 255178 
583 |a last modification  |c 19950411 00:00:00  |k Rodrigo Vera 
999 |c 232816  |d 232814 
952 |0 0  |1 0  |4 0  |6 327_000000000000000_CON_1974  |7 0  |8 A  |9 237719  |a BIBHIS  |b BIBHIS  |d 2019-11-15  |i 3076490  |o 327 CON 1974  |p 3076490  |r 2025-01-20  |w 2019-11-15  |y BK  |k HIS